| 000 | 00706nam a22002057a 4500 | ||
|---|---|---|---|
| 005 | 20251108164234.0 | ||
| 008 | 250721s1995 xx 000 0 ara d | ||
| 082 | 1 | 4 | _a791.4309/ولي |
| 100 | 1 | _aسليمان، وليد | |
| 245 | 1 | 0 |
_aحسان أبو غنيمه و السينما بين السؤال و الجواب : _bبمناسبة مئوية السينما 1895-1995 / |
| 264 | 1 |
_aعمان : _bالنادي السينمائي الأردني، _c1995. |
|
| 300 | _a257ص | ||
| 490 | 0 | _aمنشورات النادي ؛ 14 | |
| 650 | 1 | 7 | _aالسينما |
| 650 | 1 | 7 | _aالتاريخ |
| 650 | 1 | 7 | _aالنقد |
| 650 | 1 | 7 | _aالأفلام السينمائية |
| 942 |
_2ddc _cBK |
||
| 999 |
_c7177 _d7177 |
||